ARRUPE JESUIT UNIVERSITY

CORONAVIRUS -STOP THE SPREAD - CLEAN,DISINFECT,COVER

How to understand the liturgy (Record no. 122331)

MARC details
000 -LEADER
fixed length control field 00489nam a22001577a 4500
008 - FIXED-LENGTH DATA ELEMENTS--GENERAL INFORMATION
fixed length control field 150309b xxu||||| |||| 00| 0 eng d
020 ## - INTERNATIONAL STANDARD BOOK NUMBER
International Standard Book Number 082450867X (pbk.)
050 ## - LIBRARY OF CONGRESS CALL NUMBER
Classification number BX1970.L3513 1988
100 ## - MAIN ENTRY--PERSONAL NAME
Personal name Lebon, Jean
9 (RLIN) 15979
245 ## - TITLE STATEMENT
Title How to understand the liturgy
Statement of responsibility, etc /by Jean Lebon
260 ## - PUBLICATION, DISTRIBUTION, ETC. (IMPRINT)
Place of publication, distribution, etc New York
Name of publisher, distributor, etc Crossroad
Date of publication, distribution, etc 1991
300 ## - PHYSICAL DESCRIPTION
Extent x,148p. ;
Dimensions 23cm.
650 ## - SUBJECT ADDED ENTRY--TOPICAL TERM
Topical term or geographic name as entry element Catholic church
General subdivision Liturgy
9 (RLIN) 11909
650 ## - SUBJECT ADDED ENTRY--TOPICAL TERM
Topical term or geographic name as entry element Spiritual life
General subdivision Catholic authors
9 (RLIN) 5665
942 ## - ADDED ENTRY ELEMENTS (KOHA)
Source of classification or shelving scheme Library of Congress Classification
Item type Monograph ( Printed materials)
Holdings
Withdrawn status Lost status Source of classification or shelving scheme Damaged status Not for loan Collection code Home library Current library Shelving location Date acquired Total Checkouts Full call number Barcode Date last seen Date last borrowed Price effective from Koha item type
    Library of Congress Classification     Main Collection ARRUPE LIBRARY ARRUPE LIBRARY Main Collection 09/03/2015 1 BX1970.L3513 1988 46500002751 23/03/2018 12/03/2018 09/03/2015 Monograph ( Printed materials)

 

Arrupe Library. PO Box MP320 Mt Pleasant, Harare, Zimbabwe
263 242 745411|librarian@aju.ac.zw